National Football Team Top Scorers - Statistics

General Stats
  • This quiz has been taken 29 times
  • The average score is 26 of 211
Answer Stats
Country Goals Scored Player % Correct
Argentina 116 Lionel Messi
100%
Portugal 143 Cristiano Ronaldo
97%
England 78 Harry Kane
90%
France 57 Olivier Giroud
86%
Brazil 79 Neymar
83%
Germany 71 Miroslav Klose
76%
Belgium 89 Romelu Lukaku
69%
Norway 55 Erling Haaland
62%
Wales 41 Gareth Bale
62%
Uruguay 69 Luis Suárez
62%
Poland 89 Robert Lewandowski
62%
Sweden 62 Zlatan Ibrahimović
62%
Ivory Coast 65 Didier Drogba
59%
Spain 59 David Villa
55%
Cameroon 56 Samuel Eto'o
55%
Chile 51 Alexis Sánchez
52%
Ukraine 48 Andriy Shevchenko
52%
Bosnia and Herzegovina 73 Edin Džeko
52%
Hungary 84 Ferenc Puskás
52%
Colombia 36 Radamel Falcao
52%
Senegal 53 Sadio Mane
52%
USA 57 Clint Dempsey / Landon Donovan
48%
Ecuador 49 Enner Valencia
48%
Romania 35 Adrian Mutu / Gheorge Hagi
45%
Croatia 45 Davor Šuker
45%
Mexico 52 Javier Hernández
45%
Netherlands 55 Memphis Depay
45%
Scotland 30 Kenny Dalglish / Denis Law
41%
Serbia 64 Aleksandar Mitrović
38%
Gabon 40 Pierre-Emerick Aubameyang
34%
Finland 43 Teemu Pukki
34%
Qatar 60 Almoez Ali
31%
Liberia 18 George Weah
31%
Slovakia 26 Marek Hamšík
31%
Austria 47 Marko Arnautović
31%
Czechia 55 Jan Koller
28%
Canada 39 Jonathan David
28%
New Zealand 45 Chris Wood
24%
North Macedonia 38 Goran Pandev
24%
Iceland 28 Gylfi Sigurðsson
24%
Armenia 32 Henrikh Mkhitaryan
24%
Republic Of Ireland 68 Robbie Keane
24%
Australia 50 Tim Cahill
24%
Guatemala 68 Carlos Ruiz
21%
Bulgaria 48 Dimitar Berbatov / Hristo Bonev
21%
Italy 35 Gigi Riva
21%
Paraguay 32 Roque Santa Cruz
21%
Switzerland 42 Alexander Frei
17%
Togo 32 Emmanuel Adebayor
17%
Türkiye 51 Hakan Şükür
17%
Niger 22 Victorien Adebayor
17%
Iran 108 Ali Daei
14%
Ghana 51 Asamoah Gyan
14%
Denmark 52 Poul Nielsen / Jon Dahl Tomasson
14%
Venezuela 50 Salomón Rondón
14%
Montenegro 37 Stevan Jovetić
14%
Slovenia 35 Zlatko Zahovič
14%
Russia 31 Artem Dzyuba
10%
Hong Kong, China 37 Chan Siu Ki
10%
Israel 35 Eran Zahavi
10%
Algeria 45 Islam Slimani
10%
Bolivia 31 Marcelo Moreno
10%
Guinea-Bissau 9 Nando Có
10%
Peru 40 Paolo Guerrero
10%
Georgia 26 Shota Arveladze
10%
Trinidad and Tobago 70 Stern John
10%
Kosovo 32 Vedat Muriqi
10%
San Marino 8 Andy Selva
7%
Northern Ireland 36 David Healy
7%
Luxembourg 23 Gerson Rodrigues
7%
Cuba 30 Lester Moré
7%
Latvia 29 Māris Verpakovskis
7%
Cyprus 32 Michalis Konstantinou
7%
Sierra Leone 8 Mohamed Kallon / Kei Kamara
7%
Nigeria 37 Rashidi Yekini
7%
Puerto Rico 20 Ricardo Rivera
7%
India 95 Sunil Chhetri
7%
Somalia 3 Abdullahi Sheikh Mohamed / Mohamed Ali Abdi Nur
3%
Kuwait 75 Bashar Abdullah
3%
South Africa 31 Benni McCarthy
3%
New Caledonia 23 Bertrand Kaï
3%
St Lucia 20 Earl Jean
3%
Uzbekistan 44 Eldor Shomurodov
3%
Equatorial Guinea 23 Emilio Nsue
3%
Egypt 69 Hossam Hassan
3%
Andorra 11 Ildefons Lima
3%
Moldova 18 Ion Nicolaescu
3%
Timor-Leste 8 João Pedro
3%
Saudi Arabia 72 Majed Abdullah
3%
Liechtenstein 16 Mario Frick
3%
Malta 42 Michael Mifsud
3%
Zimbabwe 37 Peter Ndlovu
3%
Indonesia 70 Abdul Kadir
0%
Libya 50 Ahmed Ben Soueid
0%
Morocco 36 Ahmed Faras
0%
Angola 39 Akwá
0%
Yemen 30 Ali Al-Nono
0%
Maldives 58 Ali Ashfaq
0%
American Samoa 4 Ali'i Mitchell
0%
United Arab Emirates 85 Ali Mabkhout
0%
Estonia 38 Andres Oper
0%
Bangladesh 17 Ashraf Uddin Ahmed Chunnu
0%
Brunei Darussalam 8 Azwan Ali Rahman / Shah Razen Said
0%
Kazakhstan 15 Bakhtiyar Zaynutdinov
0%
Comoros 20 Ben Nabouhane
0%
Mauritania 13 Bessam
0%
Turks and Caicos Islands 19 Billy Forbes
0%
Honduras 57 Carlos Pavón
0%
Korea Republic 58 Cha Bum-kun
0%
Macau 17 Chan Kin Seng
0%
Bhutan 15 Chencho Gyeltshen
0%
Chinese Taipei 25 Chen Po-liang
0%
Solomon Islands 34 Commins Menapi
0%
Mauritius 17 Daniel Imbert
0%
Belize 28 Deon McCaulay
0%
Samoa 9 Desmond Fa'aiuaso
0%
DR Congo 22 Dieumerci Mbokani
0%
Dominican Republic 28 Dorny Romero
0%
Haiti 44 Duckens Nazon
0%
Azerbaijan 16 Emin Mahmudov
0%
Uganda 28 Emmanuel Okwi
0%
Albania 18 Erjon Bogdani
0%
Chad 14 Ezechiel N'Douassel
0%
Singapore 55 Fandi Ahmad
0%
Afghanistan 10 Faysal Shayesteh
0%
Syria 36 Firas Al-Khatib
0%
Burundi 19 Fiston Abdul Razak
0%
Nepal 14 Ganesh Thapa
0%
Ethiopia 33 Getaneh Kebede
0%
Anguilla 5 Girdon Connor / Richard O'Connor / Terrence Rogers
0%
Suriname 15 Gleofilo Vlijter
0%
Zambia 79 Godfrey Chitalu
0%
Jordan 33 Hamza Al-Dardour
0%
Oman 42 Hani Al-Dhabit
0%
China PR 39 Hao Haidong
0%
Lebanon 26 Hassan Maatouk
0%
Cambodia 20 Hok Sochetra
0%
Iraq 78 Hussein Saeed
0%
Guinea 33 Ibrahima Diallo
0%
Bahrain 48 Ismail Abdullatif
0%
Tunisia 36 Issam Jemâa
0%
South Sudan 6 James Moga / Tito Okello
0%
US Virgin Islands 3 Jamie Browne / J.C. Mack
0%
Lesotho 15 Jane Thabantso
0%
Guam 26 Jason Cunliffe
0%
Botswana 24 Jerome Ramatlhakwane
0%
Korea DPR 31 Jong Il-gwan
0%
Nicaragua 26 Juan Barrera
0%
Dominica 20 Julian Wade
0%
Sri Lanka 27 Kasun Jayasuriya
0%
St Kitts and Nevis 24 Keith Gumbs
0%
Thailand 71 Kiatisuk Senamuang
0%
Malawi 71 Kinnah Phiri
0%
Japan 75 Kunishige Kamamoto
0%
Vietnam 51 Lê Công Vinh
0%
Cayman Islands 12 Lee Ramoon
0%
Bahamas 14 Lesly St. Fleur
0%
Gibraltar 8 Liam Walker
0%
Barbados 23 Llewellyn Riley
0%
Central African Republic 16 Louis Mafouta
0%
Sao Tome and Principe 11 Luís Leal
0%
Panama 43 Luis Tejeda
0%
Jamaica 35 Luton Shelton
0%
Montserrat 13 Lyle Taylor
0%
Belarus 20 Maksim Romaschenko
0%
Tajikistan 20 Manuchekhr Dzhalilov
0%
Kyrgyz Republic 16 Mirlan Murzayev
0%
Malaysia 89 Mokhtar Dahari
0%
Burkina Faso 34 Moumoni Dagano
0%
Pakistan 14 Muhammad Umer
0%
The Gambia 14 Musa Barrow
0%
Sudan 27 Nasr Eddin Abbas
0%
Greece 29 Nikos Anastopoulos
0%
Mongolia 9 Nyam-Osor Naranbold
0%
Palestine 17 Oday Dabbagh
0%
Rwanda 24 Olivier Karekezi
0%
Guyana 23 Omari Glasgow
0%
Madagascar 15 Paulin Voavy
0%
Antigua and Barbuda 44 Peter Byers
0%
Namibia 20 Peter Shalulile
0%
Seychelles 14 Philip Zialor
0%
Philippines 52 Phil Younghusband
0%
Curaçao 21 Rangelo Janga
0%
El Salvador 39 Raúl Díaz Arce
0%
Papua New Guinea 18 Raymond Gunemba
0%
Vanuatu 20 Richard Iwai
0%
Grenada 37 Ricky Charles
0%
Faroe Islands 10 Rógvi Jacobsen / Klæmint Olsen
0%
Costa Rica 47 Rolando Fonseca
0%
Aruba 8 Rovien Ostiana
0%
Fiji 44 Roy Krishna
0%
Cabo Verde 22 Ryan Mendes
0%
Eswatini 17 Sabelo Ndzinisa
0%
Djibouti 10 Samuel Akinbinu
0%
Mali 25 Seydou Keita
0%
St Vincent and the Grenadines 32 Shandel Samuel
0%
Bermuda 20 Shaun Goater / Nakhi Wells
0%
Tanzania 25 Simon Msuva / Mrisho Ngasa
0%
Benin 24 Stéphane Sessègnon
0%
Cook Islands 7 Taylor Saghabi
0%
Tahiti 31 Teaonui Tehau
0%
Congo 16 Thievy Bifouma
0%
Mozambique 30 Tico-Tico
0%
Lithuania 19 Tomas Danilevičius
0%
British Virgin Islands 7 Tyler Forbes
0%
Tonga 7 Unaloto Feao
0%
Laos 18 Visay Phaphouvanin
0%
Kenya 35 William Ouma
0%
Myanmar 37 Win Maung
0%
Turkmenistan 16 Wladimir Baýramow
0%
Eritrea 6 Yidnekachew Shimangus / Ali Sulieman
0%
No matching quizzes found
Score Distribution
Percent of People with Each Score
Percentile by Number Answered
Your Score History
You have not taken this quiz